LEADER 01275nam0 2200301 450 001 000028802 005 20131018120510.0 010 $a978-88-348-1564-9 100 $a20120323d2011----km-y0itay50------ba 101 0 $aita 102 $aIT 105 $ay-------001yy 200 1 $a<>affidamento e la gestione dei servizi pubblici locali a rilevanza economica$epercorsi e disciplina generale$fa cura di Harald Bonura e Massimo Cassano 210 $aTorino$cGiappichelli$dc2011 215 $aXIII, 262 p.$d24 cm 225 2 $aPercorsi istituzionali$iServizi pubblici locali, autonomie e mercati$v1 410 0$12001$aPercorsi istituzionali. Servizi pubblici locali, autonomie e mercati 500 10$a<>affidamento e la gestione dei servizi pubblici locali a rilevanza economica$958093 610 1 $aServizi pubblici locali 610 1 $aDiritto amministrativo 676 $a343.4509$v22$9Diritto e controllo in materia d'imprese di servizi pubblici. Italia 702 1$aBonura,$bHarald 702 1$aCassano,$bMassimo 801 0$aIT$bUNIPARTHENOPE$c20120323$gRICA$2UNIMARC 912 $a000028802 951 $a343-A/25$b43679$cNAVA1$d2012 996 $aAffidamento e la gestione dei servizi pubblici locali a rilevanza economica$958093 997 $aUNIPARTHENOPE LEADER 02141nam2 22003613i 450 001 SUN0110087 005 20170703095045.630 010 $d0.00 012 $2fei$a9166 osde lao- nipo (3) 1772 (R)$5SUN 100 $a20170703d1772 |0itac50 ba 101 $aita$aLAT$aSPA 102 $aIT 140 $a||||||||| ||||||||| 200 1 $a<<*Pragmaticae edicta decreta interdicta regiaeque sanctiones Regni Neapolitani quae olim viri consultissimi collegerunt suisque titulis tribuerunt Prosper Carauita ... >> 3 205 $aNeapoli : sumptibus Antonii Ceruonii, 1772 210 $aIV$d764 p. ; 2° 215 $aSegnatura: ?² A-5B? 5C? 461 1$1001SUN0109932$12001 $a*Pragmaticae edicta decreta interdicta regiaeque sanctiones Regni Neapolitani quae olim viri consultissimi collegerunt suisque titulis tribuerunt Prosper Carauita ... Fabius De Anna ... Alexander Rouitus ... Carolus Cala ... Blasius Altimarius ... Dominicus Alfenus Varius i.c. recensuit; ... voluminibus quatuor diuisit ... Volumen primum [-quartum]$v3$1205 $aNeapoli : sumptibus Antonii Ceruonii, 1772$1210 $a4 volumi$a2°$1215 $aTesto prevalentemente in italiano 620 $dNapoli$3SUNL000005 702 1$aCaravita$b, Prospero$c -1580?$3SUNV063687 702 0$aD'Anna, Fabio$f1555-1605$3SUNV085055 702 1$aVario$b, Domenico Alfeno$f1729-ca.1794$3SUNV085056 702 1$aRovito$b, Alessandro$3SUNV085057 702 1$aAldimari$b, Biagio$f1630?-1713$3SUNV085058 702 1$aCalà$b, Carlo$3SUNV085059 710 02$aNapoli$cRegno$3SUNV009518$0374308 712 02$aCervone, Antonio$3SUNV082716 801 $aIT$bSOL$c20181109$gRICA 856 4 $uhttps://books.google.it/books?id=DAipWdUWXnoC&printsec=frontcover&hl=it&source=gbs_ge_summary_r&cad=0#v=onepage&q&f=false$zVolume digitalizzato. 912 $aSUN0110087 950 $aUFFICIO DI BIBLIOTECA DEL DIPARTIMENTO DI GIURISPRUDENZA$d00 ANTICO BL.700.134 3 $e00 BL 5833 995 $aUFFICIO DI BIBLIOTECA DEL DIPARTIMENTO DI GIURISPRUDENZA$gBL$h5833$kANTICO BL.700.134 3$oc$qa 997 $aUNICAMPANIA